000
00251nam a2200109Ia 4500
005
20251222144738.0
008
251222s9999||||xx |||||||||||||| ||spa||
082
_a
617.917.8/N81/T.I
245
0
_a
Nopa Instruments
264
_b
Tuttlingen
942
_c
LIB
999
_c
18870
_d
18870